Eastern Utah Libraries Catalog: Duchesne, Heber, Roosevelt, & Vernal

Indivisible / (Record no. 240773)

MARC details
000 -LEADER
fixed length control field 05882cgm a2201105Ii 4500
001 - CONTROL NUMBER
control field on1079066560
003 - CONTROL NUMBER IDENTIFIER
control field OCoLC
005 - DATE AND TIME OF LATEST TRANSACTION
control field 20190130091745.0
007 - PHYSICAL DESCRIPTION FIXED FIELD--GENERAL INFORMATION
fixed length control field vd cvaizk
008 - FIXED-LENGTH DATA ELEMENTS--GENERAL INFORMATION
fixed length control field 181217s2019 cau119 vleng d
040 ## - CATALOGING SOURCE
Original cataloging agency TEFMT
Language of cataloging eng
Description conventions rda
Transcribing agency TEFMT
Modifying agency OCLCO
-- TEF
-- MLSOD
-- WSD
-- OCLCF
-- JQW
-- BKL
-- UINTA
019 ## -
-- 1077739386
020 ## - INTERNATIONAL STANDARD BOOK NUMBER
International Standard Book Number 9786317571532
020 ## - INTERNATIONAL STANDARD BOOK NUMBER
International Standard Book Number 6317571538
024 1# - OTHER STANDARD IDENTIFIER
Standard number or code 191329083130
024 1# - OTHER STANDARD IDENTIFIER
Standard number or code 191329083154
028 42 - PUBLISHER NUMBER
Publisher number 24200098
Source Universal Studios Home Entertainment
035 ## - SYSTEM CONTROL NUMBER
System control number (OCoLC)1079066560
Canceled/invalid control number (OCoLC)1077739386
037 ## - SOURCE OF ACQUISITION
Source of stock number/acquisition Midwest Tape
Note http://www.midwesttapes.com
041 1# - LANGUAGE CODE
Language code of text/sound track or separate title eng
-- spa
-- spa
-- eng
Language code of original and/or intermediate translations of text eng
050 #4 - LIBRARY OF CONGRESS CALL NUMBER
Classification number PN1997.2
Item number .I53 2019
082 04 - DEWEY DECIMAL CLASSIFICATION NUMBER
Classification number 791.43/72
Edition number 23
049 ## - LOCAL HOLDINGS (OCLC)
Holding library UCLB
245 00 - TITLE STATEMENT
Title Indivisible /
Statement of responsibility, etc Pure Flix with Provident Films and The WTA Group in association with Reserve Entertainment and Graceworks Pictures and Calvary Pictures present ; produced by Darren Moorman, Justin Tolley ; written by David G. Evans, Cheryl McKay Price, Peter White ; directed by David G. Evans.
264 #1 - Production, Publication, Distribution, Manufacture, and Copyright Notice.
Place of production, publication, distribution, manufacture Universal City, CA :
Name of producer, publisher, distributor, manufacturer Universal Pictures Home Entertainment,
Date of production, publication, distribution, manufacture, or copyr [2019]
264 #4 - Production, Publication, Distribution, Manufacture, and Copyright Notice.
Date of production, publication, distribution, manufacture, or copyr �2019
300 ## - PHYSICAL DESCRIPTION
Extent 1 videodisc (119 min.) :
Other physical details sound, color ;
Dimensions 4 3/4 in.
336 ## - Content Type
Content type term two-dimensional moving image
337 ## - Media type
Media type term video
338 ## - Carrier type
Carrier type term videodisc
344 ## -
-- digital
-- rdatr
344 ## -
-- optical
-- rdarm
344 ## -
-- surround
-- stereo
-- rdacpc
344 ## -
-- Dolby digital 5.1
-- DVS Dolby digital 2.0
346 ## -
-- NTSC
-- rdabs
347 ## -
-- video file
-- rdaft
347 ## -
-- DVD video
347 ## -
-- region 1
-- rdare
380 ## -
-- Motion pictures
-- lcgft
538 ## - SYSTEM DETAILS NOTE
System details note DVD, region 1 NTSC, anamorphic wide screen (2.39:1) presentation; Dolby Digital 5.1, DVS Dolby digital 2.0; described video; color/dual layer.
546 ## - LANGUAGE NOTE
Language note English or Spanish dialogue; Spanish subtitles; English SDH subtitles for the deaf and hard of hearing; DSV described video.
500 ## - GENERAL NOTE
General note Title from web page.
511 1# - PARTICIPANT OR PERFORMER NOTE
Participant or performer note Justin Bruening, Sarah Drew, Jason George, Eric Close, Michael O'Neill.
508 ## - CREATION/PRODUCTION CREDITS NOTE
Creation/production credits note Director of photography, Bob Scott ; editor, Jeff Canavan ; music, Paul Mills.
500 ## - GENERAL NOTE
General note Originally released as a motion picture in 2018.
500 ## - GENERAL NOTE
General note Wide screen (2.39:1).
521 8# - TARGET AUDIENCE NOTE
Target audience note Rating: PG-13; for some thematic material and war violence.
520 ## - SUMMARY, ETC.
Summary, etc Based on the true story of Army Chaplain Darren Turner and his wife Heather. With a strong, faith-filled marriage, the Turners are ready to follow their calling: serving God, family, and country. Fresh from seminary and basic training, Chaplain Turner and his family arrive at Fort Stewart. Before the Turners can even unpack, Darren is deployed to Iraq. Heather is left taking care of their three young children alone; as well as serving the families of the other deployed soldiers.
500 ## - GENERAL NOTE
General note Bonus feature: interviews with Sarah Drew, Tia Mowry, cast and crew ; Heart of Indivisible ; deleted scenes.
600 10 - SUBJECT ADDED ENTRY--PERSONAL NAME
Personal name Turner, Darren
Form subdivision Drama.
9 (RLIN) 5764756
600 10 - SUBJECT ADDED ENTRY--PERSONAL NAME
Personal name Turner, Heather H.
Form subdivision Drama.
9 (RLIN) 5764757
650 #0 - SUBJECT ADDED ENTRY--TOPICAL TERM
Topical term or geographic name as entry element Military chaplains
Form subdivision Drama.
9 (RLIN) 5764758
650 #0 - SUBJECT ADDED ENTRY--TOPICAL TERM
Topical term or geographic name as entry element Married people
Form subdivision Drama.
9 (RLIN) 5681961
650 #0 - SUBJECT ADDED ENTRY--TOPICAL TERM
Topical term or geographic name as entry element Families of military personnel
Form subdivision Drama.
9 (RLIN) 5736565
650 #0 - SUBJECT ADDED ENTRY--TOPICAL TERM
Topical term or geographic name as entry element Man-woman relationships
Form subdivision Drama.
9 (RLIN) 5673977
650 #7 - SUBJECT ADDED ENTRY--TOPICAL TERM
Topical term or geographic name as entry element Families of military personnel.
Source of heading or term fast
-- (OCoLC)fst00920136
9 (RLIN) 99123
650 #7 - SUBJECT ADDED ENTRY--TOPICAL TERM
Topical term or geographic name as entry element Man-woman relationships.
Source of heading or term fast
-- (OCoLC)fst01007080
9 (RLIN) 96591
650 #7 - SUBJECT ADDED ENTRY--TOPICAL TERM
Topical term or geographic name as entry element Married people.
Source of heading or term fast
-- (OCoLC)fst01010656
9 (RLIN) 87380
650 #7 - SUBJECT ADDED ENTRY--TOPICAL TERM
Topical term or geographic name as entry element Military chaplains.
Source of heading or term fast
-- (OCoLC)fst01430766
9 (RLIN) 81020
655 #7 - INDEX TERM--GENRE/FORM
Genre/form data or focus term Feature films.
Source of term lcgft
9 (RLIN) 102699
655 #7 - INDEX TERM--GENRE/FORM
Genre/form data or focus term War films.
Source of term lcgft
9 (RLIN) 102638
655 #7 - INDEX TERM--GENRE/FORM
Genre/form data or focus term Melodramas (Motion pictures)
Source of term lcgft
9 (RLIN) 5696820
655 #7 - INDEX TERM--GENRE/FORM
Genre/form data or focus term Religious films.
Source of term lcgft
9 (RLIN) 5689216
655 #7 - INDEX TERM--GENRE/FORM
Genre/form data or focus term Video recordings for the hearing impaired.
Source of term lcgft
9 (RLIN) 5764759
655 #7 - INDEX TERM--GENRE/FORM
Genre/form data or focus term Video recordings for people with visual disabilities.
Source of term lcgft
9 (RLIN) 5676923
655 #7 - INDEX TERM--GENRE/FORM
Genre/form data or focus term Drama.
Source of term fast
-- (OCoLC)fst01423879
9 (RLIN) 5673873
655 #7 - INDEX TERM--GENRE/FORM
Genre/form data or focus term Feature films.
Source of term fast
-- (OCoLC)fst01710384
9 (RLIN) 102699
655 #7 - INDEX TERM--GENRE/FORM
Genre/form data or focus term Melodramas (Motion pictures)
Source of term fast
-- (OCoLC)fst01726217
9 (RLIN) 5696820
655 #7 - INDEX TERM--GENRE/FORM
Genre/form data or focus term Religious films.
Source of term fast
-- (OCoLC)fst01726197
9 (RLIN) 5689216
655 #7 - INDEX TERM--GENRE/FORM
Genre/form data or focus term Video recordings for people with visual disabilities.
Source of term fast
-- (OCoLC)fst01710451
9 (RLIN) 5676923
655 #7 - INDEX TERM--GENRE/FORM
Genre/form data or focus term Video recordings for the hearing impaired.
Source of term fast
-- (OCoLC)fst01710450
9 (RLIN) 5764759
655 #7 - INDEX TERM--GENRE/FORM
Genre/form data or focus term War films.
Source of term fast
-- (OCoLC)fst01710402
9 (RLIN) 102638
700 1# - ADDED ENTRY--PERSONAL NAME
Personal name Evans, David G.,
Relator term film director,
-- screenwriter.
9 (RLIN) 12356
700 1# - ADDED ENTRY--PERSONAL NAME
Personal name Moorman, Darren,
Relator term film producer.
9 (RLIN) 5764760
700 1# - ADDED ENTRY--PERSONAL NAME
Personal name Tolley, Justin,
Relator term film producer.
9 (RLIN) 5764761
700 1# - ADDED ENTRY--PERSONAL NAME
Personal name McKay, Cheryl,
Relator term screenwriter.
9 (RLIN) 50788
700 1# - ADDED ENTRY--PERSONAL NAME
Personal name White, Peter,
Dates associated with a name 1962-
Relator term screenwriter.
9 (RLIN) 5764762
700 1# - ADDED ENTRY--PERSONAL NAME
Personal name Bruening, Justin,
Relator term actor.
9 (RLIN) 5764763
700 1# - ADDED ENTRY--PERSONAL NAME
Personal name Drew, Sarah,
Dates associated with a name 1980-
Relator term actor.
9 (RLIN) 5764764
700 1# - ADDED ENTRY--PERSONAL NAME
Personal name George, Jason,
Dates associated with a name 1972-
Relator term actor.
9 (RLIN) 5764765
700 1# - ADDED ENTRY--PERSONAL NAME
Personal name Close, Eric,
Relator term actor.
9 (RLIN) 67450
700 1# - ADDED ENTRY--PERSONAL NAME
Personal name O'Neill, Michael
Titles and other words associated with a name (Actor),
Relator term actor.
9 (RLIN) 5764766
700 1# - ADDED ENTRY--PERSONAL NAME
Personal name Scott, Bob M.,
Relator term director of photography.
9 (RLIN) 5764767
700 1# - ADDED ENTRY--PERSONAL NAME
Personal name Canavan, Jeff W.,
Relator term editor of moving image work.
9 (RLIN) 5764768
700 1# - ADDED ENTRY--PERSONAL NAME
Personal name Mills, Paul,
Relator term composer (expression)
9 (RLIN) 5764769
710 2# - ADDED ENTRY--CORPORATE NAME
Corporate name or jurisdiction name as entry element Pure Flix Entertainment,
Relator term film distributor.
9 (RLIN) 5689213
710 2# - ADDED ENTRY--CORPORATE NAME
Corporate name or jurisdiction name as entry element Provident Films,
Relator term film distributor.
9 (RLIN) 5764770
710 2# - ADDED ENTRY--CORPORATE NAME
Corporate name or jurisdiction name as entry element Reserve Entertainment (Firm),
Relator term production company.
9 (RLIN) 5764771
710 2# - ADDED ENTRY--CORPORATE NAME
Corporate name or jurisdiction name as entry element Graceworks Pictures,
Relator term production company.
9 (RLIN) 5764772
710 2# - ADDED ENTRY--CORPORATE NAME
Corporate name or jurisdiction name as entry element Calvary Pictures,
Relator term production company.
9 (RLIN) 5764773
710 2# - ADDED ENTRY--CORPORATE NAME
Corporate name or jurisdiction name as entry element Universal Pictures Home Entertainment (Firm),
Relator term publisher.
9 (RLIN) 5718834
730 02 - ADDED ENTRY--UNIFORM TITLE
-- Container of (work):
Uniform title Indivisible (Motion picture)
9 (RLIN) 5764774
730 02 - ADDED ENTRY--UNIFORM TITLE
-- Container of (expression):
Uniform title Indivisible (Motion picture).
Language of a work Spanish.
9 (RLIN) 5764775
994 ## -
-- C0
-- UINTA
Holdings
Withdrawn status Lost status Source of classification or shelving scheme Damaged status Not for loan Collection code Home library Current library Shelving location Date acquired Source of acquisition Total Checkouts Total Renewals Full call number Barcode Date last seen Date checked out Cost, replacement price Price effective from Koha item type
    Dewey Decimal Classification     Movies Wasatch County Library Wasatch County Library Audio Visual Area 09/10/2024 Amazon 6 7 Movie Indivisible 34301002130153 01/28/2026 01/14/2026 8.00 09/10/2024 DVD
This project was made possible through a grant from the Institute of Museum and Library Service administered by the Utah State Library Division.

Wasatch County Library

  • 465 East 1200 South, Heber City, Utah 84032
  • Phone 435-654-1511 | Fax 435-654-6456

Hours

  • Monday - Friday 9:30 AM - 8:00 PM
  • Saturday 9:30 AM - 1:30 PM
  • Closed Sundays and Holidays